[Event "Faroes Open 2018"]
[Site "Sandavagur"]
[Date "2018.07.10"]
[Round "5"]
[White "Jacobsen, Markus"]
[Black "Nielsen, Jón í Horni"]
[Result "0-1"]
[WhiteElo "1106"]
[BlackElo "1735"]
[Annotator "NA"]
[PlyCount "50"]
[EventDate "2018.07.07"]
[EventType "swiss"]
[EventCountry "FAI"]
[SourceTitle "playchess.com"]
[Source "ChessBase"]
[SourceQuality "1"]
[TimeControl "40/5400+30:900+30"]

1. e4 {[%emt 0:00:00]} e5 {[%emt 0:00:00]} 2. Nf3 {[%emt 0:00:00]} Nc6 {[%emt 0:00:07]} 3. Bc4 {[%emt 0:00:00]} Nf6 {[%emt 0:00:40]} 4. Ng5 {[%emt 0:00:51]} d5 {[%emt 0:01:27]} 5. exd5 {[%emt 0:01:08]} Nd4 {[%emt 0:01:58]} 6. O-O {[%emt 0:03:38]} h6 {[%emt 0:00:40]} 7. Nf3 {[%emt 0:04:02]} Bg4 {[%emt 0:00:07]} 8. Nc3 {[%emt 0:02:10]} Bd6 {[%emt 0:01:45]} 9. h3 {[%emt 0:01:43]} Nxf3+ {[%emt 0:00:14]} 10. gxf3 {[%emt 0:01:07]} Bxh3 {[%emt 0:00:01]} 11. Re1 {[%emt 0:00:23]} O-O {[%emt 0:00:29]} 12. d3 {[%emt 0:01:12]} Nh5 {[%emt 0:00:53]} 13. Ne4 {[%emt 0:03:44]} Nf4 {[%emt 0:01:38]} 14. d4 {[%emt 0:04:20]} Ng2 {[%emt 0:10:23]} 15. Re2 {[%emt 0:03:41]} Nh4 {[%emt 0:00:05]} 16. Re3 {[%emt 0:03:09]} exd4 {[%emt 0:00:48]} 17. Qxd4 {[%emt 0:02:18]} c5 {[%emt 0:00:06]} 18. Nf6+ {[%emt 0:04:11]} Qxf6 {[%emt 0:00:09]} 19. Qxf6 {[%emt 0:00:24]} gxf6 {[%emt 0:00:03]} 20. Rb3 {[%emt 0:01:50]} Kh8 {[%emt 0:00:05]} 21. f4 {[%emt 0:00:55]} Rg8+ {[%emt 0:00:10]} 22. Rg3 {[%emt 0:00:12]} Nf3+ {[%emt 0:00:27]} 23. Kh1 {[%emt 0:00:17]} Rxg3 {[%emt 0:00:02]} 24. fxg3 {[%emt 0:00:21]} Re8 {[%emt 0:00:02]} 25. Bd2 {[%emt 0:00:41]} Nxd2 {[%emt 0:00:03]} 0-1

[Event "Faroes Open 2018"]
[Site "Sandavagur"]
[Date "2018.07.10"]
[Round "5"]
[White "Petersen, Elias"]
[Black "Fjallheim, Benjamin Reinert"]
[Result "1-0"]
[WhiteElo "1035"]
[BlackElo "1375"]
[Annotator "NA"]
[PlyCount "83"]
[EventDate "2018.07.07"]
[EventType "swiss"]
[EventCountry "FAI"]
[SourceTitle "playchess.com"]
[Source "ChessBase"]
[SourceQuality "1"]
[TimeControl "40/5400+30:900+30"]

1. e4 {[%emt 0:00:00]} e5 {[%emt 0:00:00]} 2. Nf3 {[%emt 0:00:00]} Nc6 {[%emt 0:00:26]} 3. Bc4 {[%emt 0:00:25]} Bc5 {[%emt 0:00:49]} 4. c3 {[%emt 0:02:48]} Nf6 {[%emt 0:00:23]} 5. d3 {[%emt 0:02:09]} d6 {[%emt 0:01:57]} 6. h3 {[%emt 0:00:57]} Be6 {[%emt 0:01:32]} 7. Bb5 {[%emt 0:04:54]} Bd7 {[%emt 0:01:15]} 8. O-O {[%emt 0:01:14]} Qe7 {[%emt 0:02:16]} 9. Re1 {[%emt 0:02:14]} a6 {[%emt 0:02:38]} 10. Ba4 {[%emt 0:00:14]} O-O-O {[%emt 0:00:23]} 11. d4 {[%emt 0:01:07]} exd4 {[%emt 0:00:17]} 12. cxd4 {[%emt 0:00:13]} Bb6 {[%emt 0:01:30]} 13. Nc3 {[%emt 0:01:07]} Rhe8 {[%emt 0:06:17]} 14. Nd5 {[%emt 0:02:06]} Qf8 {[%emt 0:02:33]} 15. Nxf6 {[%emt 0:01:01]} gxf6 {[%emt 0:00:20]} 16. Bf4 {[%emt 0:01:02]} Qg7 {[%emt 0:00:27]} 17. Bg3 {[%emt 0:01:07]} h5 {[%emt 0:01:11]} 18. Kh1 {[%emt 0:02:19]} Rh8 {[%emt 0:01:29]} 19. Bh4 {[%emt 0:01:47]} Rdg8 {[%emt 0:00:23]} 20. Rg1 {[%emt 0:01:43]} Ne7 {[%emt 0:02:38]} 21. Bc2 {[%emt 0:01:23]} Ng6 {[%emt 0:01:05]} 22. Qd2 {[%emt 0:01:23]} Bg4 {[%emt 0:05:04]} 23. Bg3 {[%emt 0:02:21]} Bd7 {[%emt 0:07:08]} 24. Bh4 {[%emt 0:00:38]} Rh6 {[%emt 0:00:30]} 25. Bxf6 {[%emt 0:01:46]} Qf8 {[%emt 0:03:02]} 26. Rae1 {[%emt 0:00:41]} c6 {[%emt 0:03:54]} 27. d5 {[%emt 0:01:55]} c5 {[%emt 0:01:39]} 28. Rc1 {[%emt 0:01:41]} Bd8 {[%emt 0:01:02]} 29. Bxd8 {[%emt 0:00:25]} Kxd8 {[%emt 0:00:09]} 30. Qa5+ {[%emt 0:01:17]} Kc8 {[%emt 0:00:17]} 31. b4 {[%emt 0:00:16]} Nf4 {[%emt 0:00:38]} 32. Bd1 {[%emt 0:00:54]} Nd3 {[%emt 0:04:43]} 33. Rc2 {[%emt 0:00:37]} Rhg6 {[%emt 0:09:04]} 34. bxc5 {[%emt 0:03:35]} dxc5 {[%emt 0:00:31]} 35. e5 {[%emt 0:01:13]} Kb8 {[%emt 0:03:41]} 36. d6 {[%emt 0:00:49]} Bxh3 {[%emt 0:03:53]} 37. Nh4 {[%emt 0:01:18]} Rg5 {[%emt 0:01:50]} 38. Qa3 {[%emt 0:01:03]} Nf4 {[%emt 0:01:22]} 39. Bf3 {[%emt 0:01:47]} Qg7 {[%emt 0:03:11]} 40. Qxc5 {[%emt 0:01:26]} Nxg2 {[%emt 0:02:23]} 41. Qc7+ {[%emt 0:15:12]} Ka7 {[%emt 0:15:52]} 42. Qxb7# {[%emt 0:00:07]} 1-0

[Event "Faroes Open 2018"]
[Site "Sandavagur"]
[Date "2018.07.11"]
[Round "6"]
[White "Ziska, Helgi Dam"]
[Black "Nielsen, Høgni Egilstoft"]
[Result "1/2-1/2"]
[WhiteElo "2552"]
[BlackElo "2397"]
[Annotator "ChessBase"]
[PlyCount "109"]
[EventDate "2018.07.07"]
[EventType "swiss"]
[EventCountry "FAI"]
[SourceTitle "playchess.com"]
[Source "ChessBase"]
[SourceQuality "1"]
[TimeControl "40/5400+30:900+30"]

1. g3 {[%emt 0:00:50]} Nf6 {[%emt 0:00:00]} 2. Bg2 {[%emt 0:00:23]} d5 {[%emt 0:01:35]} 3. Nf3 {[%emt 0:00:11]} h6 {[%emt 0:03:50]} 4. O-O {[%emt 0:06:38]} Bf5 {[%emt 0:01:43]} 5. c4 {[%emt 0:02:35]} c6 {[%emt 0:01:46]} 6. cxd5 {[%emt 0:03:41]} cxd5 {[%emt 0:00:17]} 7. Qb3 {[%emt 0:00:59]} Qb6 {[%emt 0:16:10]} 8. Qxb6 {[%emt 0:00:51]} axb6 {[%emt 0:00:08]} 9. d3 {[%emt 0:08:20]} e6 {[%emt 0:02:04]} 10. Nc3 {[%emt 0:01:40]} Be7 {[%emt 0:04:02]} 11. Bf4 {[%emt 0:11:51]} O-O {[%emt 0:07:57]} 12. Nb5 {[%emt 0:05:25]} Na6 {[%emt 0:10:08]} 13. Rfc1 {[%emt 0:05:45]} Rfd8 {[%emt 0:12:55]} 14. Nfd4 {[%emt 0:02:28]} Bg6 {[%emt 0:01:44]} 15. Nc7 {[%emt 0:12:16]} Nxc7 {[%emt 0:01:40]} 16. Rxc7 {[%emt 0:01:19]} Rd7 {[%emt 0:00:44]} 17. Rc2 {[%emt 0:01:22]} Ne8 {[%emt 0:05:53]} 18. Bh3 {[%emt 0:01:39]} Rdd8 {[%emt 0:02:49]} 19. a3 {[%emt 0:02:36]} Bf6 {[%emt 0:03:44]} 20. Be3 {[%emt 0:04:35]} Nd6 {[%emt 0:02:40]} 21. f4 {[%emt 0:01:31]} Rdc8 {[%emt 0:05:02]} 22. Rac1 {[%emt 0:00:23]} Kf8 {[%emt 0:00:53]} 23. Nf3 {[%emt 0:01:39]} Rxc2 {[%emt 0:11:02]} 24. Rxc2 {[%emt 0:00:05]} Rc8 {[%emt 0:00:14]} 25. Rxc8+ {[%emt 0:01:13]} Nxc8 {[%emt 0:00:05]} 26. Ne5 {[%emt 0:00:10]} Bxe5 {[%emt 0:00:06]} 27. fxe5 {[%emt 0:00:05]} Ke7 {[%emt 0:00:04]} 28. Bd2 {[%emt 0:03:22]} Na7 {[%emt 0:02:19]} 29. Bb4+ {[%emt 0:00:21]} Ke8 {[%emt 0:00:44]} 30. Kf2 {[%emt 0:00:23]} Bf5 {[%emt 0:01:41]} 31. g4 {[%emt 0:03:41]} Bg6 {[%emt 0:00:25]} 32. Ke3 {[%emt 0:01:36]} h5 {[%emt 0:00:55]} 33. Kf4 {[%emt 0:01:32]} Nc6 {[%emt 0:00:31]} 34. Bd6 {[%emt 0:06:15]} b5 {[%emt 0:00:36]} 35. g5 {[%emt 0:03:22]} Nd4 {[%emt 0:00:30]} 36. Bf1 {[%emt 0:00:15]} Nb3 {[%emt 0:00:31]} 37. Bb4 {[%emt 0:00:55]} Kd7 {[%emt 0:00:31]} 38. Bf8 {[%emt 0:01:30]} Kc6 {[%emt 0:00:03]} 39. Bxg7 {[%emt 0:00:50]} b4 {[%emt 0:00:05]} 40. axb4 {[%emt 0:01:06]} Kb5 {[%emt 0:00:50]} 41. Bf8 {[%emt 0:18:02]} Nc1 {[%emt 0:06:42]} 42. Bc5 {[%emt 0:00:00]} Nb3 {[%emt 0:04:34]} 43. Bd6 {[%emt 0:00:00]} Nc1 {[%emt 0:00:15]} 44. e4 {[%emt 0:00:00]} d4 {[%emt 0:01:47]} 45. Bc5 {[%emt 0:00:00]} Nb3 {[%emt 0:00:09]} 46. Be2 {[%emt 0:00:00]} Nc1 {[%emt 0:00:49]} 47. Bf1 {[%emt 0:00:00]} Nb3 {[%emt 0:00:05]} 48. Kg3 {[%emt 0:00:00]} Nxc5 {[%emt 0:03:59]} 49. bxc5 {[%emt 0:00:00]} Kb4 {[%emt 0:00:09]} 50. Be2 {[%emt 0:02:08]} Kb3 {[%emt 0:00:30]} 51. Bd1+ {[%emt 0:00:40]} Kxb2 {[%emt 0:00:08]} 52. Ba4 {[%emt 0:00:03]} Kc3 {[%emt 0:00:19]} 53. Bb5 {[%emt 0:00:04]} Kb4 {[%emt 0:00:33]} 54. Ba6 {[%emt 0:02:44]} Kxc5 {[%emt 0:00:22]} 55. Bxb7 {[%emt 0:00:04]} 1/2-1/2

[Event "Faroes Open 2018"]
[Site "Sandavagur"]
[Date "2018.07.11"]
[Round "6"]
[White "Narayanan, Srinath"]
[Black "Nakar, Eylon"]
[Result "1-0"]
[WhiteElo "2549"]
[BlackElo "2462"]
[Annotator "ChessBase"]
[PlyCount "79"]
[EventDate "2018.07.07"]
[EventType "swiss"]
[EventCountry "FAI"]
[SourceTitle "playchess.com"]
[Source "ChessBase"]
[SourceQuality "1"]
[TimeControl "40/5400+30:900+30"]

1. d4 {[%emt 0:02:43]} Nf6 {[%emt 0:00:00]} 2. c4 {[%emt 0:00:05]} e6 {[%emt 0:00:00]} 3. Nf3 {[%emt 0:00:25]} d5 {[%emt 0:00:00]} 4. g3 {[%emt 0:00:05]} Bb4+ {[%emt 0:00:20]} 5. Bd2 {[%emt 0:00:08]} Be7 {[%emt 0:00:18]} 6. Bg2 {[%emt 0:00:12]} c6 {[%emt 0:00:51]} 7. O-O {[%emt 0:00:13]} O-O {[%emt 0:03:42]} 8. Qc2 {[%emt 0:00:04]} Nbd7 {[%emt 0:03:43]} 9. a4 {[%emt 0:02:52]} b6 {[%emt 0:22:04]} 10. Rc1 {[%emt 0:01:11]} Bb7 {[%emt 0:07:48]} 11. a5 {[%emt 0:01:11]} c5 {[%emt 0:01:23]} 12. a6 {[%emt 0:15:37]} Bc6 {[%emt 0:00:02]} 13. cxd5 {[%emt 0:00:19]} Bxd5 {[%emt 0:00:45]} 14. Nc3 {[%emt 0:00:34]} Bc6 {[%emt 0:00:58]} 15. dxc5 {[%emt 0:20:24]} bxc5 {[%emt 0:01:04]} 16. e4 {[%emt 0:00:46]} Rb8 {[%emt 0:01:51]} 17. Bf4 {[%emt 0:12:39]} Rb4 {[%emt 0:02:26]} 18. Nd2 {[%emt 0:00:18]} h6 {[%emt 0:20:57]} 19. h3 {[%emt 0:13:51]} g5 {[%emt 0:11:54]} 20. Be3 {[%emt 0:01:34]} Ne5 {[%emt 0:00:02]} 21. b3 {[%emt 0:05:33]} Qb8 {[%emt 0:08:06]} 22. Nd1 {[%emt 0:09:13]} Rd8 {[%emt 0:04:23]} 23. Nb2 {[%emt 0:00:10]} Nfd7 {[%emt 0:06:37]} 24. Ra2 {[%emt 0:00:17]} Rc8 {[%emt 0:00:42]} 25. Qd1 {[%emt 0:00:54]} Ba8 {[%emt 0:01:13]} 26. f4 {[%emt 0:02:04]} Ng6 {[%emt 0:00:01]} 27. Nd3 {[%emt 0:00:12]} Rb5 {[%emt 0:00:16]} 28. Qh5 {[%emt 0:01:20]} gxf4 {[%emt 0:02:00]} 29. Nxf4 {[%emt 0:00:09]} c4 {[%emt 0:00:11]} 30. Nxg6 {[%emt 0:01:32]} Rxh5 {[%emt 0:00:03]} 31. Nxe7+ {[%emt 0:00:04]} Kh7 {[%emt 0:00:18]} 32. Nxc8 {[%emt 0:00:04]} Qxc8 {[%emt 0:00:19]} 33. Nxc4 {[%emt 0:00:08]} Qb8 {[%emt 0:00:25]} 34. Rf2 {[%emt 0:00:59]} Kg8 {[%emt 0:00:29]} 35. Rd1 {[%emt 0:00:54]} Nc5 {[%emt 0:01:44]} 36. g4 {[%emt 0:02:53]} Rg5 {[%emt 0:00:01]} 37. Rf4 {[%emt 0:00:18]} Rxg4 {[%emt 0:00:54]} 38. Bxc5 {[%emt 0:05:29]} Bxe4 39. Ne3 Rh4 {[%emt 0:00:37]} 40. Be7 {[%emt 0:01:18]} 1-0

[Event "Faroes Open 2018"]
[Site "Sandavagur"]
[Date "2018.07.11"]
[Round "6"]
[White "Kunin, Vitaly"]
[Black "Jones, Gawain C B"]
[Result "1/2-1/2"]
[WhiteElo "2538"]
[BlackElo "2670"]
[Annotator "TA"]
[PlyCount "95"]
[EventDate "2018.07.07"]
[EventType "swiss"]
[EventCountry "FAI"]
[SourceTitle "playchess.com"]
[Source "ChessBase"]
[SourceQuality "1"]

{[%evp 19,95,18,19,-4,-4,-7,-8,0,-8,-13,-10,-15,-10,-12,-11,-32,-27,-31,-28,-37,-6,0,0,-2,0,0,0,0,0,0,0,0,0,-6,0,0,0,0,0,0,0,0,0,0,0,0,0,0,0,0,0,0,0,0,0,0,0,0,0,0,0,0,0,0,0,0,0,0,0,0,0,0,0,0,0,0,0,0]} 1. d4 Nf6 2. c4 g6 3. Nc3 Bg7 4. e4 d6 5. Be2 O-O 6. Nf3 e5 7. O-O Nc6 8. dxe5 dxe5 9. Bg5 Nd4 {E97: King's Indian: Classical Main Line (6...e5 7 0-0 Nc6): 8 Be3 and 8 d5 Ne7, not 9 Ne1} (9... Bg4 10. Qxd8 Nxd8 11. Bxf6 Bxf6 12. Nd5 Kg7 13. Nxc7 Rc8 14. Nd5 Bxf3 15. gxf3 Ne6 16. Kg2 Nf4+ 17. Nxf4 exf4 {½-½ (30) Grandelius,N (2641)-Jones,G (2671) Reykjavik 2017}) 10. Nxe5 Ne6 {LiveBook: 5 Games} 11. Qxd8 (11. Bh4 {seems wilder.} Qxd1 12. Raxd1 Nxe4 13. Nxe4 Bxe5 14. Be7) 11... Rxd8 12. Nf3 $146 ({Predecessor:} 12. Bh4 Rd2 13. Nf3 Rxb2 14. Rab1 Rc2 15. Rfc1 Rxc1+ 16. Rxc1 Nc5 17. Nd2 {1-0 (82) Lange,J (1860)-Wachinger,N (1931) Hannover 2016}) 12... Nxg5 13. Nxg5 Re8 14. Rfe1 h6 15. Nf3 Nxe4 16. Nd5 Bxb2 17. Nxc7 {[#] Threatens to win with Rab1.} Bxa1 18. Rxa1 Bg4 19. h3 Nc3 20. hxg4 {Black must now prevent Bf1.The position is equal.} Nxe2+ 21. Kf1 Nc3 22. Rc1 Nxa2 23. Ra1 Nb4 24. Nxe8 Rxe8 25. Rxa7 $11 {[%mdl 4096] Endgame KRN-KRN} Re7 26. g5 h5 27. Ra5 Nc6 28. Rd5 Kg7 29. g3 Rc7 30. Nd2 Re7 31. Nf3 Kf8 32. Kg2 Ke8 33. Nd4 Nxd4 34. Rxd4 {KR-KR} Re5 35. f4 $1 {[%cal Rf4e5]} Re2+ 36. Kh3 Rc2 37. g4 Rc3+ 38. Kh4 hxg4 39. Kxg4 Rb3 40. f5 gxf5+ 41. Kxf5 b5 42. Re4+ Kf8 $1 43. cxb5 Rxb5+ 44. Re5 Rxe5+ 45. Kxe5 Kg7 46. Kf4 f6 (46... Kg6 $5) 47. gxf6+ Kxf6 48. Ke4 {Precision: White = 69%, Black = 92%.} 1/2-1/2

[Event "Faroes Open 2018"]
[Site "Sandavagur"]
[Date "2018.07.11"]
[Round "6"]
[White "Greenfeld, Alon"]
[Black "Spiesberger, Gerhard"]
[Result "1-0"]
[WhiteElo "2496"]
[BlackElo "2043"]
[Annotator "TA"]
[PlyCount "79"]
[EventDate "2018.07.07"]
[EventType "swiss"]
[EventCountry "FAI"]
[SourceTitle "playchess.com"]
[Source "ChessBase"]
[SourceQuality "1"]

{[%evp 13,79,66,81,71,89,81,79,37,63,61,160,145,160,130,173,164,194,142,183,181,203,200,202,196,262,229,304,286,247,226,263,263,338,293,344,338,292,315,288,306,310,305,306,297,599,261,257,256,258,242,219,255,253,250,247,246,527,501,468,337,328,316,1225,1210,29976,12842,12840,12840]} 1. Nf3 d6 2. d4 Nc6 3. c4 e5 4. Nc3 Be7 5. d5 Nb8 6. e4 Nf6 7. h3 {A41: 1 d4 d6: Tartakower System and Modern Defence} O-O {LiveBook: 3 Games} 8. Be3 (8. Bd3 a5 9. Be3 Na6 10. a3 Bd7 11. b3 c6 12. O-O Qb8 {0-1 (48) Usmanov,V (2459)-Zvjaginsev,V (2643) Sochi 2017}) 8... a6 $146 ({Predecessor:} 8... Nbd7 9. g4 a5 10. Be2 b6 11. g5 Nh5 {1-0 (55) Sutkovic,D (2331)-Mestrovic,Z (2327) Sarajevo 2013}) 9. Be2 {White is better.} Nbd7 10. g4 {[%cal Bg2g4,Bg4g5][%mdl 32]} Re8 11. Qd2 Nf8 {[#]} (11... Nc5 $14) 12. g5 $1 $16 {[%cal Rg5f6]} N6d7 13. h4 Nb6 14. Rg1 Bd7 15. O-O-O (15. h5 $18) 15... Na4 16. h5 b5 17. Nxa4 (17. cxb5 $6 Nxc3 18. Qxc3 axb5 $16) 17... bxa4 18. Qc3 Qc8 (18... f6 {was worth a try.} 19. gxf6 Bxf6) 19. Nh4 $18 a5 20. f4 Qb7 21. Bd2 (21. fxe5 $6 dxe5 22. c5 Qb4) 21... Rab8 22. h6 {[%cal Bh5h6,Bh6g7][%mdl 32]} (22. fxe5 dxe5 23. Rg3 a3 $11) 22... Qb4 23. hxg7 (23. fxe5 Qxc3+ 24. Bxc3 dxe5 $16) 23... Ng6 24. Nxg6 fxg6 25. Rdf1 (25. fxe5 dxe5 26. Rdf1 Qxc3+ 27. Bxc3 Bb4 $16) 25... exf4 26. Rxf4 c6 27. Qd4 c5 28. Qc3 (28. Bxb4 cxd4 29. Bxa5 Rb7 $16) 28... Rb7 $2 (28... a3 {is tougher.}) 29. Rh4 (29. Qc2 $142 Qb6 30. Bc3) 29... Reb8 {[%cal Rb4b2]} 30. Qxb4 Rxb4 31. Bc3 a3 {[%cal Rb4b2] Black wants to play ...Rxb2.} 32. b3 {Threatens to win with Kc2.} a4 33. Bd1 ({Much less strong is} 33. Bxb4 $6 Rxb4 34. Kc2 axb3+ 35. axb3 a2 $16) 33... axb3 34. axb3 ({Don't take} 34. Bxb3 $6 h5) 34... Rxb3 $2 (34... h5 35. Rh2 (35. Bxb4 cxb4 36. Kb1 Kxg7 $14) 35... R4b7) 35. Bxb3 Rxb3 36. Kd2 a2 {[#]} 37. Rhh1 $1 Rxc3 $2 (37... Bd8 38. Rf1 Bxg5+ 39. Kc2 Rb8 40. Rxh7 Ba4+ 41. Kd3 Bc2+ 42. Kxc2 Bf4 43. Rh8+ Kf7 44. Rxb8 a1=N+ 45. Bxa1 g5 46. g8=Q+ Ke7 47. Qh7#) 38. Kxc3 a1=Q+ 39. Rxa1 Bxg5 40. Ra8+ {Precision: White = 74%, Black = 34%.} 1-0

[Event "Faroes Open 2018"]
[Site "Sandavagur"]
[Date "2018.07.11"]
[Round "6"]
[White "Jotic, Vladimir"]
[Black "Miezis, Normunds"]
[Result "0-1"]
[WhiteElo "2387"]
[BlackElo "2468"]
[Annotator "ChessBase"]
[PlyCount "68"]
[EventDate "2018.07.07"]
[EventType "swiss"]
[EventCountry "FAI"]
[SourceTitle "playchess.com"]
[Source "ChessBase"]
[SourceQuality "1"]
[TimeControl "40/5400+30:900+30"]

1. e4 {[%emt 0:00:00]} c5 {[%emt 0:00:00]} 2. Nf3 {[%emt 0:00:00]} e6 {[%emt 0:00:18]} 3. d3 {[%emt 0:00:09]} Nc6 {[%emt 0:01:39]} 4. g3 {[%emt 0:00:30]} g6 {[%emt 0:01:15]} 5. Bg2 {[%emt 0:00:21]} Bg7 {[%emt 0:00:18]} 6. O-O {[%emt 0:00:04]} Nge7 {[%emt 0:01:54]} 7. Re1 {[%emt 0:02:21]} d6 {[%emt 0:04:17]} 8. c3 {[%emt 0:07:43]} e5 {[%emt 0:02:12]} 9. a4 {[%emt 0:07:19]} O-O {[%emt 0:01:14]} 10. Na3 {[%emt 0:00:03]} h6 {[%emt 0:01:13]} 11. Nc4 {[%emt 0:02:33]} Be6 {[%emt 0:07:24]} 12. Nfd2 {[%emt 0:00:57]} Rb8 {[%emt 0:08:27]} 13. Ne3 {[%emt 0:20:21]} d5 {[%emt 0:11:29]} 14. exd5 {[%emt 0:00:25]} Nxd5 {[%emt 0:00:17]} 15. Nec4 {[%emt 0:18:10]} Qc7 {[%emt 0:03:39]} 16. Qe2 {[%emt 0:03:27]} Rbd8 {[%emt 0:05:07]} 17. Nf3 {[%emt 0:01:42]} Rfe8 {[%emt 0:05:03]} 18. Bd2 {[%emt 0:09:25]} Bf5 {[%emt 0:04:18]} 19. Rad1 {[%emt 0:00:20]} Nb6 {[%emt 0:04:24]} 20. Be3 {[%emt 0:07:18]} Nxa4 {[%emt 0:04:00]} 21. Nh4 {[%emt 0:00:10]} Be6 {[%emt 0:02:30]} 22. Ra1 {[%emt 0:00:26]} b5 {[%emt 0:01:16]} 23. Na3 {[%emt 0:00:33]} a6 {[%emt 0:01:14]} 24. Be4 {[%emt 0:07:08]} f5 {[%emt 0:05:41]} 25. Bxc6 {[%emt 0:02:20]} Qxc6 {[%emt 0:00:11]} 26. Nxg6 {[%emt 0:00:26]} f4 {[%emt 0:00:54]} 27. Bxf4 {[%emt 0:02:44]} exf4 {[%emt 0:02:07]} 28. Nxf4 {[%emt 0:00:08]} Bc8 {[%emt 0:01:15]} 29. Qh5 {[%emt 0:02:27]} Bb7 {[%emt 0:00:21]} 30. Rxe8+ {[%emt 0:00:14]} Rxe8 {[%emt 0:01:17]} 31. Nd5 {[%emt 0:00:11]} Nxb2 {[%emt 0:01:09]} 32. Nc2 {[%emt 0:00:19]} Nxd3 {[%emt 0:02:08]} 33. Rd1 {[%emt 0:00:02]} Qxd5 {[%emt 0:02:58]} 34. Qxe8+ {[%emt 0:00:06]} Kh7 {[%emt 0:00:11]} 0-1

[Event "Faroes Open 2018"]
[Site "Sandavagur"]
[Date "2018.07.11"]
[Round "6"]
[White "Haubro, Martin"]
[Black "Fjallheim, Leif Reinert"]
[Result "1-0"]
[WhiteElo "2373"]
[BlackElo "1886"]
[Annotator "NA"]
[PlyCount "79"]
[EventDate "2018.07.07"]
[EventType "swiss"]
[EventCountry "FAI"]
[SourceTitle "playchess.com"]
[Source "ChessBase"]
[SourceQuality "1"]
[TimeControl "40/5400+30:900+30"]

1. e4 {[%emt 0:00:00]} e5 {[%emt 0:01:34]} 2. Nf3 {[%emt 0:00:00]} Nc6 {[%emt 0:00:20]} 3. Bb5 {[%emt 0:00:00]} a6 {[%emt 0:00:10]} 4. Ba4 {[%emt 0:00:00]} Nf6 {[%emt 0:01:25]} 5. O-O {[%emt 0:00:00]} Nxe4 {[%emt 0:03:34]} 6. d4 {[%emt 0:02:28]} exd4 {[%emt 0:02:12]} 7. Re1 {[%emt 0:01:44]} d5 {[%emt 0:01:39]} 8. Nxd4 {[%emt 0:00:05]} Bd6 $1 {[%emt 0:00:36]} 9. Nxc6 {[%emt 0:00:12]} Bxh2+ $1 {[%emt 0:00:35]} 10. Kh1 {[%emt 0:00:04]} Qh4 $1 {[%emt 0:01:00] C80: Open Ruy Lopez: Sidelines and 9 Nbd2} 11. Rxe4+ $1 {[%emt 0:00:04]} dxe4 {[%emt 0:00:11]} 12. Qd8+ {[%emt 0:00:05]} Qxd8 {[%emt 0:00:03]} 13. Nxd8+ {[%emt 0:00:07]} Kxd8 {[%emt 0:00:08]} 14. Kxh2 {[%emt 0:00:03]} Be6 $1 {[%emt 0:07:36] LiveBook: 43 Games} 15. Nc3 {[%emt 0:01:26]} (15. Be3 $14 f5 16. Nc3 Kc8 17. Re1 Rf8 18. g4 fxg4 19. Nxe4 Bxa2 {1-0 (42) Quesada Perez,Y (2624)-Sarkar,J (2375) Philadelphia 2017}) 15... f5 {[%emt 0:03:41]} ({Black should play} 15... c5 $1 $15) 16. Bf4 {[%emt 0:00:11]} Kc8 $146 {[%emt 0:10:19] [#]} ({Predecessor:} 16... c6 17. Ne2 Bd5 18. Nd4 {1-0 (62) Nowak,I (2327)-Campoy Moreno,A (2370) ICCF email 2006}) 17. g4 {[%emt 0:22:21]} (17. Bb3 $1 $16 {[%cal Rb3e6]} Bxb3 18. cxb3) 17... g6 {[%emt 0:05:12]} (17... fxg4 $14 18. Nxe4 Rf8) 18. gxf5 {[%emt 0:00:07]} gxf5 {[%emt 0:00:11]} 19. Ne2 {[%emt 0:01:56]} (19. Bb3 $16 Bxb3 20. cxb3) 19... c5 {[%emt 0:03:16]} 20. c3 {[%emt 0:06:37]} Rg8 {[%emt 0:06:14]} 21. Bd6 {[%emt 0:12:00]} b5 {[%emt 0:03:29]} 22. Bd1 {[%emt 0:00:26]} c4 {[%emt 0:02:14]} 23. a4 {[%emt 0:10:16]} Kd7 {[%emt 0:02:46]} 24. Bf4 $16 {[%emt 0:00:25]} Rg4 {[%emt 0:05:27]} 25. axb5 {[%emt 0:09:30]} Rh4+ {[%emt 0:06:35]} 26. Kg3 {[%emt 0:00:05]} Rh5 {[%emt 0:00:47]} 27. Kg2 {[%emt 0:00:24]} Rg8+ {[%emt 0:01:06]} 28. Bg3 {[%emt 0:00:09]} Rh4 {[%emt 0:02:08]} 29. Rxa6 {[%emt 0:03:30]} f4 {[%emt 0:01:08]} 30. Ra7+ {[%emt 0:02:23]} Kd6 {[%emt 0:19:08]} 31. Nxf4 {[%emt 0:02:30]} Rxf4 {[%emt 0:00:34]} 32. Kh2 {[%emt 0:00:11]} Rxg3 {[%emt 0:00:19]} 33. Kxg3 {[%emt 0:00:05]} Rf7 {[%emt 0:02:53]} 34. Rxf7 {[%emt 0:11:49]} Bxf7 {[%emt 0:00:02]} 35. Kf4 {[%emt 0:00:07]} Bd5 {[%emt 0:07:45]} 36. Bh5 {[%emt 0:08:01]} Ke7 {[%emt 0:01:08]} 37. Ke5 {[%emt 0:00:14]} Bb7 {[%emt 0:00:31]} 38. Be2 {[%emt 0:00:10]} Kf7 {[%emt 0:00:28]} 39. Bxc4+ {[%emt 0:00:07]} Kg6 {[%emt 0:00:33]} 40. Bd5 {[%emt 0:00:21]} 1-0